[Event "Paranaense-ch (Women) 2015"]
[Site "Curitiba"]
[Date "2016.01.25"]
[Round "6.7"]
[White "Juliatto, Clara Machado"]
[Black "Xavier, Kamila Milena"]
[Result "0-1"]
[WhiteElo "1800"]
[BlackElo "1494"]
[PlyCount "90"]
[EventDate "2016.01.23"]
[EventType "swiss"]
[EventRounds "6"]
[EventCountry "BRA"]
[SourceTitle "EXT 2022"]
[Source "ChessBase"]
[SourceDate "2021.10.06"]
[SourceVersion "1"]
[SourceVersionDate "2021.10.06"]
[SourceQuality "1"]

1. e4 c5 2. Nf3 d6 3. d3 Nf6 4. Nc3 e6 5. d4 cxd4 6. Nxd4 a6 7. Bd3 Bd7 8. 0-0 Nc6 9. Nf3 Be7 10. h3 0-0 11. b3 Qc7 12. Bb2 Rfd8 13. Ne2 Ne5 14. Nxe5 dxe5 15. Qc1 Bc6 16. Ng3 Bc5 17. Qg5 Bd4 18. Nh5 Nxh5 19. Bxd4 Rxd4 20. Qxh5 Bxe4 21. Bxe4 Rxe4 22. c4 b5 23. Rfe1 Rxe1+ 24. Rxe1 bxc4 25. bxc4 Qxc4 26. Rxe5 Qxa2 27. Re1 a5 28. Qh4 a4 29. Rd1 Qa3 30. Rd8+ Rxd8 31. Qxd8+ Qf8 32. Qa5 a3 33. Qa4 Qc5 34. Qa8+ Qf8 35. Qa4 h6 36. Kf1 Qc5 37. Qa8+ Kh7 38. Qe4+ g6 39. Qa4 Qc1+ 40. Ke2 Qb2+ 41. Kd3 a2 42. Qa7 Kg7 43. Ke4 Qb1+ 44. Ke5 a1Q+ 45. Qd4 Qe1+ 0-1

[Event "Paranaense-ch (Women) 2015"]
[Site "Curitiba"]
[Date "2016.01.24"]
[Round "3.7"]
[White "Lisboa, Joana Cunha"]
[Black "Xavier, Kamila Milena"]
[Result "1-0"]
[WhiteElo "1765"]
[BlackElo "1494"]
[PlyCount "45"]
[EventDate "2016.01.23"]
[EventType "swiss"]
[EventRounds "6"]
[EventCountry "BRA"]
[SourceTitle "EXT 2022"]
[Source "ChessBase"]
[SourceDate "2021.10.06"]
[SourceVersion "1"]
[SourceVersionDate "2021.10.06"]
[SourceQuality "1"]

1. Nf3 c5 2. c4 d6 3. g3 Nf6 4. Bg2 Nc6 5. d3 a6 6. 0-0 e6 7. Bd2 Be7 8. Nc3 0-0 9. a3 Rb8 10. Na2 d5 11. Rb1 b5 12. cxd5 exd5 13. Bf4 Bd6 14. Bg5 Be7 15. Qc2 c4 16. dxc4 dxc4 17. Rfd1 Qc7 18. Bf4 Qb6 19. Bxb8 Qxb8 20. b3 Bxa3 21. bxc4 Nd7 22. cxb5 Nd8 23. bxa6 1-0

[Event "Paranaense-ch (Women) 2015"]
[Site "Curitiba"]
[Date "2016.01.23"]
[Round "1.1"]
[White "Xavier, Kamila Milena"]
[Black "Leao, Cintia Rocha"]
[Result "0-1"]
[WhiteElo "1494"]
[BlackElo "1929"]
[PlyCount "98"]
[EventDate "2016.01.23"]
[EventType "swiss"]
[EventRounds "6"]
[EventCountry "BRA"]
[SourceTitle "EXT 2022"]
[Source "ChessBase"]
[SourceDate "2021.10.06"]
[SourceVersion "1"]
[SourceVersionDate "2021.10.06"]
[SourceQuality "1"]

1. e4 e5 2. Nf3 Nc6 3. Bc4 Nf6 4. Nc3 Nxe4 5. Nxe4 d5 6. Bb5 dxe4 7. Nxe5 Qd5 8. Nxc6 Qxb5 9. Nd4 Qg5 10. Rg1 Qe5 11. c3 Qxh2 12. Ne2 Bd7 13. d3 0-0-0 14. Bf4 Qh5 15. dxe4 Bc5 16. Nd4 Qh4 17. Qf3 Bg4 18. Qg3 Qxg3 19. Bxg3 Bxd4 20. cxd4 Rxd4 21. f3 Bh5 22. Be5 Rd7 23. Bxg7 Rg8 24. Bh6 Bxf3 25. Kf2 Bxe4 26. Rae1 f5 27. g3 Rd3 28. Re3 Rd6 29. Bf4 Rdg6 30. b4 h5 31. Rd1 h4 32. Rc3 hxg3+ 33. Bxg3 c6 34. Rd6 Rxd6 35. Bxd6 Rg2+ 36. Ke3 Rxa2 37. b5 Kd7 38. bxc6+ Bxc6 39. Be5 Ke6 40. Bg3 Ra4 41. Rd3 Re4+ 42. Kf2 f4 43. Bh2 Ra4 44. Bg1 Ra2+ 45. Ke1 f3 46. Re3+ Kf5 47. Rd3 Re2+ 48. Kf1 Bb5 49. Rd5+ Re5+ 0-1